El hombre de estado (Record no. 153549)

MARC details
000 -LEADER
campo de control de longitud fija 00778nam a2200205 i 4500
001 - NÚMERO DE CONTROL
campo de control 153549
003 - IDENTIFICADOR DE NÚMERO DE CONTROL
campo de control ES-MaACL
005 - FECHA Y HORA DE LA ÚLTIMA TRANSACCIÓN
campo de control 20250729042546.0
008 - DATOS DE LONGITUD FIJA--INFORMACIÓN GENERAL
campo de control de longitud fija 931025s1789 sp |||| | spa d
040 ## - FUENTE DE CATALOGACIÓN
Centro catalogador/agencia de origen CARM
Lengua de catalogación spa
Centro/agencia transcriptor PAB
100 1# - ENTRADA PRINCIPAL--NOMBRE DE PERSONA
Nombre de persona Donato, Nicolo.
9 (RLIN) 166320
245 13 - MENCIÓN DEL TÍTULO
Título El hombre de estado
Resto del título : obra escrita en italiano /
Mención de responsabilidad, etc. por Nicolas Donato ; traducida al frances... y de éste al castellano ; tomo primero.
260 ## - PUBLICACIÓN, DISTRIBUCIÓN, ETC.
Lugar de publicación, distribución, etc. En Madrid :
Nombre del editor, distribuidor, etc. en la imprenta de D. Benito Cano,
Fecha de publicación, distribución, etc. 1789.
300 ## - DESCRIPCIÓN FÍSICA
Extensión XVIII, 440 p. ;
Dimensiones 4\pa\s.
597 #1 - NOTA DE DESCRIPCIÓN FÍSICA
NOTA DE DESCRIPCIÓN FÍSICA Sign.: *-2*\p4\s, 3*\p1\s, A-Z\p4\s, 2A-2Z\p4\s, 3A-3I\p4\s.
650 #7 - PUNTO DE ACCESO ADICIONAL DE MATERIA--TÉRMINO DE MATERIA
Término de materia o nombre geográfico como elemento de entrada Derecho político
Fuente del encabezamiento o término embne
9 (RLIN) 135897
852 ## - LOCALIZACIÓN
Ubicación ES-MaACL
Número de control de estantería R-1397
Nota libre -- Enc. pasta
Signatura antigua -- Olim: G-12066
Holdings
Estatus retirado Estado de pérdida Estado de daño No para préstamo Colección Biblioteca de origen Biblioteca actual Ubicación en estantería Fecha de adquisición Fuente de adquisición Total de préstamos Signatura topográfica completa Código de barras Visto por última vez Precio de reemplazo Tipo de ítem Koha
        Libros del s. XVIII Biblioteca del Ateneo de Madrid Biblioteca del Ateneo de Madrid Depósito 17/01/2008     R-1397 1160515 23/02/2023 23/02/2023 Libro impreso antiguo